000 01511cam a2200361 i 4500
001 25711
003 Mx-PuUPA
005 20250722101938.0
008 140415s2015 mx a gr 001 0 spa d
020 _a9786070270062
_qrústica
020 _a9786070269875
_qcolección rústica
040 _aMx-PuUPA
_bspa
_cMx-PuUPA
_dMx-PuUPA
_erda
041 0 _aspa
043 _an-mx---
100 1 _aGonzález Ulloa Aguirre, Pablo Armando,
_917337
_eautor
245 1 0 _aMéxico en la globalización :
_bdilemas y paradojas /
_cPablo Armando González Ulloa Aguirre, Ricardo Valero Becerra
246 1 3 _aMéxico en la globalización. Dilemas y paradojas :
_bencuesta nacional de globalización
250 _aPrimera edición /
_bagosto
264 1 _aMéxico, D.F. :
_bUniversidad Nacional Autónoma de México,
_c2015
300 _a190 páginas :
_bilustraciones, gráficas ;
_c23 cm
336 _2rdacontent
_atexto
_btxt
337 _2rdamedia
_asin medio
_bn
338 _2rdacarrier
_avolumen
_bnc
490 0 _aLos mexicanos vistos por sí mismos. Los grandes temas nacionales ;
_v19
650 7 _2armarc
_aGlobalización
_xAspectos sociales
_vEncuestas sociales
650 7 _2armarc
_aGlobalización
_zMéxico
651 4 _aMéxico
_vCondiciones socioeconómicas
_ySiglo XXI
700 1 _aVelero Becerra, Ricardo,
_eautor
942 _2ddc
_cLI
_h330.972
_iG63
999 _c25711
_d25711